000
00312nam a22001337a 4500
008
170720b xxu||||| |||| 00| 0 eng d
020
_a
9780687003358
041
_a
eng
080
_a
2
100
_a
24
101
_a
TEO
245
_a
CHRISTIAN SOCIAL ETHICS IN A GLOBAL ERA
_c
STACKHOUSE, M.L
942
_2
udc
_c
BK
999
_c
21662
_d
21662